| 000 | 00674nas a2200241 4500 | ||
|---|---|---|---|
| 001 | BR9203120 | ||
| 003 | BR-BrBNA | ||
| 005 | 20231205092612.0 | ||
| 007 | ta | ||
| 008 | 230509b bl.|||p| |||| 00| 00por d | ||
| 040 |
_aBR-BrBNA _bpor _cBiblioteca Nacional de Agricultura |
||
| 041 | _a(Pt) | ||
| 072 | _aL01; L73 | ||
| 100 | 1 | _aUngaretti, G. | |
| 245 | 1 | _aA arte da montaria para iniciantes | |
| 650 | _aCAVALO | ||
| 650 | _aVIRUS | ||
| 650 | _aDOENCA ANIMAL | ||
| 650 | _aANEMIA INFECCIOSA | ||
| 773 | 0 |
_tManchete Rural (Brazil) _xISSN 0102-8901 _g(Jan-Feb 1992), v. 4(58) p. 60-62 _wBR9203120 |
|
| 909 |
_a202311 _bLúcia _c55 _dLúcia Elande |
||
| 942 |
_2AGRIS _n0 _cANA |
||
| 999 |
_c132800 _d132800 |
||